[Demografia podnikov]
Recenzia na vedeckú monografiu zaoberajúcu sa štatistickou analýzou demografických udalostí podnikov na Slovensku a v krajinách EÚ.
Guardado en:
| Autor principal: | |
|---|---|
| Formato: | Capítulo de libro |
| Lenguaje: | eslovaco |
| Materias: | |
| Etiquetas: |
Sin Etiquetas, Sea el primero en etiquetar este registro!
|
MARC
| LEADER | 00000nla a2200000 4500 | ||
|---|---|---|---|
| 001 | 0237739 | ||
| 005 | 20240502073837.9 | ||
| 041 | 0 | |a slo | |
| 044 | |a SK | ||
| 245 | 1 | 0 | |a [Demografia podnikov] |c Silvia Megyesiová |
| 520 | |a Recenzia na vedeckú monografiu zaoberajúcu sa štatistickou analýzou demografických udalostí podnikov na Slovensku a v krajinách EÚ. | ||
| 610 | 2 | 0 | |a recenzie |
| 610 | 2 | 0 | |a demografia |
| 610 | 2 | 0 | |a podnik |
| 610 | 2 | 0 | |a zamestnanosť |
| 610 | 2 | 0 | |a Slovensko |
| 100 | 1 | |a Megyesiová, Silvia, 1969- | |